[Event "Budapest FS07 IM"]
[Site "Budapest"]
[Date "1994.??.??"]
[Round "13"]
[White "Leroy, Adrien"]
[Black "Kahn, Evarth"]
[Result "0-1"]
[WhiteElo "2220"]
[BlackElo "2320"]

1.d4 Nf6 2.c4 g6 3.Nc3 Bg7 4.e4 O-O 5.Nf3 d6 6.Be2 e5 7.dxe5 dxe5 8.Qxd8 Rxd8
9.Bg5 c6 10.O-O Na6 11.Rfd1 Bg4 12.Be3 Nd7 13.h3 Bxf3 14.Bxf3 Nac5 15.Bg4 h5
16.Bxd7 Nxd7 17.Rd2 Nb6 18.Rxd8+ Rxd8 19.Bxb6 axb6 20.Rd1 Rd4 21.b3 Kf8 22.Kf1 Ke7
23.Rxd4 exd4 24.Na4 d3 25.Ke1 Bd4 26.Kd2 Bxf2 27.Kxd3 Kd6 28.Nc3 Ke5 29.Ne2 h4
30.Nc3 Kd6 31.Na4 f6 32.Ke2 Bd4 33.Kd3 Ke5 34.b4 b5 35.cxb5 cxb5 36.Nc5 Bxc5
37.bxc5 Kf4 38.Kc3 Kg3 39.Kb4 Kxg2 40.Kxb5 Kxh3 41.Kb6 Kg3 42.Kxb7 h3 43.c6 h2
44.c7 h1=Q 45.c8=Q Qxe4+ 46.Kb6 Qb1+ 47.Ka5 Qxa2+ 48.Kb4 Qb2+ 49.Ka4 Qd4+
50.Kb3 g5 51.Kc2 g4  0-1

[Event "Buenos Aires PRENAJ"]
[Site "Buenos Aires"]
[Date "1994.??.??"]
[Round "2"]
[White "Diaz, Nahuel"]
[Black "Farah, Rodolfo"]
[Result "1-0"]
[WhiteElo "2315"]
[BlackElo "2245"]

1.Nf3 Nf6 2.c4 g6 3.Nc3 d6 4.d4 Bg7 5.e4 O-O 6.Be2 e5 7.d5 c6 8.Bg5 h6 9.Bh4 g5
10.Bg3 cxd5 11.cxd5 Nbd7 12.Nd2 a6 13.h4 Nh7 14.h5 Nhf6 15.f3 b5 16.Bf2 Nb6
17.g4 Bd7 18.Qb3 Qc7 19.O-O Rfb8 20.Rfc1 Qd8 21.a3 Bf8 22.Qd1 Na4 23.b4 Nxc3
24.Rxc3 a5 25.Nb3 axb4 26.axb4 Ra4 27.Na5 Rxb4 28.Nc6 Bxc6 29.dxc6 Ne8 30.Ra7 Nc7
31.Qa1 d5 32.exd5 Bd6 33.Qd1 e4 34.fxe4 Rxe4 35.Bf3 Rf4 36.Rb7 Rc8 37.Be3 Ra4
38.Ra7 Qf6 39.Rd3 Rxa7 40.Bxa7 Qe5 41.Bd4 Qh2+ 42.Kf1 Ra8 43.Qd2 Qg3 44.Bd1 Qf4+
45.Qxf4 gxf4 46.Bb3 Kf8 47.Ke2 Re8+ 48.Kf3 Ra8 49.g5 hxg5 50.Bf6 Kg8 51.Bxg5 Ra1
52.Bd1 Ne8 53.Bxf4 b4 54.Re3 Ra3 55.Rb3 f6 56.Kg4 Kg7 57.h6+ Kg8 58.Bd2 Kh8
59.Kf5 Ra1 60.Bh5 Nc7 61.Bf3 Kh7 62.Bxb4 Bxb4 63.Rxb4 Rf1 64.Kg4 Rg1+ 65.Kf4 Rf1
66.Rd4 Kxh6 67.Ke3 Re1+ 68.Kf2 Rc1 69.d6 Ne6 70.Rd2  1-0

[Event "Buenos Aires PRENAJ"]
[Site "Buenos Aires"]
[Date "1994.??.??"]
[Round "2"]
[White "Hobaica, Juan Pablo"]
[Black "Rodriguez, Jorge Luis"]
[Result "1-0"]
[WhiteElo "2230"]
[BlackElo "2390"]

1.d4 Nf6 2.c4 g6 3.Nc3 Bg7 4.e4 d6 5.Nf3 O-O 6.Be2 e5 7.d5 a5 8.Bg5 h6 9.Bh4 Na6
10.Nd2 Qe8 11.a3 Bd7 12.O-O h5 13.Nb5 Nh7 14.f3 Bh6 15.Rb1 f5 16.exf5 Bxf5
17.Ne4 g5 18.Bg3 Qg6 19.Kh1 Nf6 20.Nbc3 g4 21.Bd3 Kh8 22.Qe2 Rg8 23.Bh4 Nd7
24.Rbd1 Raf8 25.Rg1 Bf4 26.Bb1 Rf7 27.Ng3 Bxb1 28.Rxb1 Bxg3 29.Bxg3 gxf3
30.gxf3 Nac5  1-0

[Event "ARG-World"]
[Site "Buenos Aires"]
[Date "1994.??.??"]
[Round "2"]
[White "Sorokin, Maxim"]
[Black "Sorin, Ariel"]
[Result "0-1"]
[WhiteElo "2520"]
[BlackElo "2470"]

1.d4 Nf6 2.c4 g6 3.Nc3 Bg7 4.e4 d6 5.Be2 O-O 6.Nf3 e5 7.O-O Nbd7 8.Be3 Ng4
9.Bg5 f6 10.Bd2 c6 11.Qc2 Qe7 12.h3 Nh6 13.Rad1 Nf7 14.b4 f5 15.exf5 gxf5
16.dxe5 Ndxe5 17.Nxe5 dxe5 18.c5 Be6 19.f4 a5 20.a3 axb4 21.axb4 Ra3 22.Qc1 Rb3
23.fxe5 Bxe5 24.Bf3 Bc4 25.Rfe1 Qh4 26.Ne2 Rxf3 27.gxf3 Kh8  0-1

[Event "ARG-World"]
[Site "Buenos Aires"]
[Date "1994.??.??"]
[Round "4"]
[White "Cramling, Pia"]
[Black "Sorin, Ariel"]
[Result "1/2-1/2"]
[WhiteElo "2515"]
[BlackElo "2470"]

1.d4 d6 2.Nf3 g6 3.c4 Bg7 4.Nc3 Nd7 5.e4 e5 6.Be2 Ngf6 7.O-O O-O 8.Qc2 c6
9.d5 a5 10.b3 Nc5 11.Ba3 Qe7 12.dxc6 bxc6 13.Rad1 Ne8 14.Qd2 f5 15.Bxc5 dxc5
16.Ne1 Nc7 17.Qd6 Qxd6 18.Rxd6 Rf6 19.Rxf6 Bxf6 20.Bf3 Ra6 21.Nd3 Ne6 22.Na4 Nd4
23.Ndxc5 Ra7 24.Nb6 Rc7 25.Nxc8 Rxc8 26.Rd1 Kf7 27.Kf1 Be7 28.Nd3 Kf6 29.exf5 gxf5
30.Be2 Bd6 31.Nb2 Ba3 32.Na4 Rd8 33.c5  1/2-1/2

[Event "Buenos Aires PRENAJ"]
[Site "Buenos Aires"]
[Date "1994.??.??"]
[Round "7"]
[White "Diaz, Nahuel"]
[Black "Servat, Roberto"]
[Result "0-1"]
[WhiteElo "2315"]
[BlackElo "2445"]

1.Nf3 Nf6 2.c4 g6 3.Nc3 Bg7 4.e4 d6 5.d4 O-O 6.Be2 e5 7.d5 a5 8.Bg5 h6 9.Bh4 Na6
10.Nd2 Qe8 11.a3 Bd7 12.b3 Nh7 13.f3 h5 14.Bf2 Bh6 15.Rb1 Qe7 16.b4 axb4
17.axb4 h4 18.Bd3 h3 19.g3 f5 20.Qe2 Rf7 21.Rf1 Nf6 22.Kd1 Kg7 23.Kc2 c6
24.dxc6 bxc6 25.c5 Bc8 26.Na4 fxe4 27.fxe4 Bg4 28.Qe1 d5 29.Nb6 Ra7 30.Be3 Bxe3
31.Qxe3 d4 32.Qe1 Be6 33.Ndc4 Ng4 34.Rxf7+ Qxf7 35.Nd6 Qf3 36.Qe2 Qxe2+ 37.Bxe2 Nxh2
38.Nbc8 Nxb4+ 39.Rxb4 Ra2+ 40.Rb2 Rxb2+ 41.Kxb2 Bg4 42.Ne7 Bxe2 43.Nxc6 Nf1
44.Nb4 h2 45.c6 h1=Q 46.c7 Nd2  0-1

[Event "ARG-World"]
[Site "Buenos Aires"]
[Date "1994.??.??"]
[Round "7"]
[White "Renet, Olivier"]
[Black "Ricardi, Pablo"]
[Result "0-1"]
[WhiteElo "2485"]
[BlackElo "2470"]

1.Nf3 Nf6 2.c4 g6 3.Nc3 Bg7 4.e4 d6 5.d4 O-O 6.Be2 e5 7.Be3 Ng4 8.Bg5 f6
9.Bh4 Nc6 10.d5 Ne7 11.Nd2 f5 12.Bxg4 fxg4 13.Bg5 Rf4 14.f3 gxf3 15.Nxf3 Rf7
16.O-O h6 17.Be3 g5 18.Nd2 Rxf1+ 19.Qxf1 Kh8 20.c5 Ng8 21.Nc4 Nf6 22.Kh1 Qe7
23.cxd6 cxd6 24.a4 Bd7 25.Qd3 a6 26.Nb6 Rf8 27.Nxd7 Qxd7 28.Qe2 Qg4 29.Re1 Qxe2
30.Rxe2 Rc8 31.Bb6 Bf8 32.Kg1 Be7 33.h3 Kg7 34.Kf2 Rc4 35.Kf3 Nd7 36.Be3 Bd8
37.Rc2 Bb6 38.Bxb6 Nxb6 39.b3 Rb4 40.Kg4 Kg6 41.Rb2 Nc4 42.Na2 Rb6 43.Rb1 Nd2
44.Rb2 h5+ 45.Kg3 Nxe4+ 46.Kf3 Rxb3+ 47.Rxb3 Nd2+ 48.Ke3 Nxb3 49.Nc3 Nc5
50.a5 h4 51.Nd1 Nb3  0-1

[Event "ESP-chT"]
[Site "Cala Galdana"]
[Date "1994.??.??"]
[Round "?"]
[White "Palacios Perez, Manuel"]
[Black "Illescas Cordoba, Miguel"]
[Result "0-1"]
[WhiteElo "2185"]
[BlackElo "2590"]

1.d4 Nf6 2.c4 g6 3.Nc3 Bg7 4.e4 O-O 5.Nf3 d6 6.Be2 e5 7.d5 a5 8.Bg5 h6 9.Bh4 Na6
10.Nd2 h5 11.Bg5 Qe8 12.a3 Nh7 13.Be3 Bd7 14.Rb1 a4 15.b4 axb3 16.Nxb3 b6
17.O-O h4 18.Nb5 f5 19.f3 Nf6 20.Qc2 Nh5 21.a4 Qe7 22.a5 Nf4 23.Rf2 bxa5
24.Nxa5 Bh6 25.Qc1 fxe4 26.fxe4 Nc5 27.Nc6 Bxc6 28.dxc6 Nxe4 29.Rxf4 Bxf4
30.Bxf4 Rxf4 31.Bf3 Raf8 32.Ra1 Qf7 33.Qc2 h3 34.Nxc7 Qxc7 35.Bxe4 Qa7+  0-1

[Event "Calcutta op2"]
[Site "Calcutta"]
[Date "1994.??.??"]
[Round "?"]
[White "Rahman, T."]
[Black "Al Modiahki, Mohamad"]
[Result "1/2-1/2"]
[WhiteElo "2280"]
[BlackElo "2380"]

1.d4 Nf6 2.Nf3 g6 3.c4 Bg7 4.Nc3 O-O 5.e4 d6 6.Be2 e5 7.dxe5 dxe5 8.Qxd8 Rxd8
9.Bg5 Re8 10.Nd5 Nxd5 11.cxd5 c6 12.Bc4 cxd5 13.Bxd5 Na6 14.O-O-O Nc7 15.Bb3 Be6
16.Bxe6 Nxe6 17.Be3  1/2-1/2

[Event "Calcutta op2"]
[Site "Calcutta"]
[Date "1994.??.??"]
[Round "?"]
[White "Ravi, Lanka"]
[Black "Balasubramaniun, Ramnathan"]
[Result "1-0"]
[WhiteElo "2425"]
[BlackElo "2265"]

1.d4 Nf6 2.c4 g6 3.Nc3 Bg7 4.e4 d6 5.Nf3 O-O 6.Be2 e5 7.d5 Nbd7 8.Bg5 h6
9.Bh4 a5 10.Nd2 Nc5 11.O-O Bd7 12.b3 Qe8 13.a3 Nh7 14.Nb5 Qc8 15.b4 axb4
16.axb4 Rxa1 17.Qxa1 Na6 18.Qa3 f5 19.f3 Rf7 20.c5 Bf8 21.c6 bxc6 22.dxc6 Bxc6
23.Na7  1-0

[Event "Calcutta op"]
[Site "Calcutta"]
[Date "1994.??.??"]
[Round "2"]
[White "Sahu, Sekhar Chandra"]
[Black "Lodhi, Mahmood"]
[Result "0-1"]
[WhiteElo "2355"]
[BlackElo "2475"]

1.d4 Nf6 2.Nf3 g6 3.c4 Bg7 4.Nc3 O-O 5.e4 d6 6.Be2 e5 7.dxe5 dxe5 8.Qxd8 Rxd8
9.Bg5 Nbd7 10.O-O-O Rf8 11.Ne1 Nc5 12.f3 c6 13.Nc2 Ne6 14.Be3 Nf4 15.Bf1 Be6
16.g3 N4h5 17.b3 Rfc8 18.Kb2 Bf8 19.Be2 Nd7 20.Na4 Nhf6 21.Rd2 Be7 22.Rhd1 Rc7
23.Rc1 Ne8 24.c5 Ng7 25.Rcd1 Nf8 26.Na3 f6 27.Nc4 Nd7 28.Nd6 Bxd6 29.Rxd6 Kf7
30.Bc4 Ke7 31.Kc3 Bxc4 32.Kxc4 Ne6 33.R6d3 Rb8 34.Kc3 b5 35.cxb6 axb6 36.Nb2 Ra8
37.a4 Ndc5 38.R3d2 b5 39.Kb4 Na6+ 40.Ka3 bxa4 41.bxa4 c5 42.Nc4 Rb8 43.a5 Nd4
44.Nb6 Ke6 45.f4 Nb4 46.Ka4 Nbc6 47.Bxd4 Nxd4 48.Rc1 Rc6 49.Rb2 Rb7 50.Nc4 Rxb2
51.Nxb2 exf4 52.g4 g5  0-1

[Event "CAN-ch"]
[Site "CAN"]
[Date "1994.??.??"]
[Round "7"]
[White "Nickoloff, Bryon"]
[Black "Koliada, Timour"]
[Result "0-1"]
[WhiteElo "2390"]
[BlackElo "2345"]

1.d4 Nf6 2.c4 g6 3.Nc3 Bg7 4.e4 d6 5.Be2 O-O 6.Nf3 e5 7.Be3 Ng4 8.Bg5 f6
9.Bh4 Nc6 10.d5 Ne7 11.Nd2 f5 12.c5 Nf6 13.cxd6 cxd6 14.f3 h6 15.a4 g5 16.Bf2 Ng6
17.Nc4 Nf4 18.O-O fxe4 19.fxe4 a6 20.Nb6 Rb8 21.Nxc8 Rxc8 22.Bd3 Qd7 23.Bb1 Rf7
24.Ne2 h5 25.Ng3 Nh3+ 26.gxh3 Qxh3 27.Nf5 Ng4 28.Bg3 Rxf5 29.exf5 Ne3 30.Qf3 Nxf1
31.Qxf1 Qxf1+ 32.Kxf1 Rc1+ 33.Ke2 Bf6 34.Be1 g4 35.Bc3 e4  0-1

[Event "CAN-ch"]
[Site "CAN"]
[Date "1994.??.??"]
[Round "9"]
[White "Nickoloff, Bryon"]
[Black "Baragar, Fletcher"]
[Result "1-0"]
[WhiteElo "2390"]
[BlackElo "2285"]

1.d4 Nf6 2.c4 g6 3.Nc3 Bg7 4.e4 d6 5.Be2 O-O 6.Nf3 e5 7.Be3 Ng4 8.Bg5 f6
9.Bh4 Qe8 10.dxe5 dxe5 11.c5 c6 12.Nd2 Nh6 13.f3 Qe7 14.b4 Rd8 15.Qa4 Be6
16.Nc4 Nf7 17.Bf2 Nd7 18.Na5 Nf8 19.O-O a6 20.Rad1 Rxd1 21.Rxd1 Rd8 22.Nxc6 Rxd1+
23.Bxd1 bxc6 24.Qxc6 Bc4 25.a4 Nd8 26.Qa8 Qd7 27.Nd5 Nfe6 28.Be2 Bxe2 29.c6 Qf7
30.Bb6 Qf8 31.Bxd8 Nxd8 32.c7  1-0

[Event "ESP-ch"]
[Site "Canete"]
[Date "1994.??.??"]
[Round "?"]
[White "Garcia Ilundain, David"]
[Black "Garcia Luque, Agustin"]
[Result "1/2-1/2"]
[WhiteElo "2475"]
[BlackElo "2345"]

1.d4 Nf6 2.Nf3 g6 3.c4 Bg7 4.Nc3 O-O 5.e4 d6 6.Be2 e5 7.d5 Na6 8.Bg5 h6 9.Bh4 g5
10.Bg3 Nh5 11.Nd2 Nf4 12.O-O Nc5 13.Bg4 Nxe4 14.Ndxe4 f5 15.f3 fxe4 16.Nxe4 b6
17.Bxc8 Qxc8 18.Kh1 Qf5 19.Qc2 h5 20.Rae1 Rf7 21.Bxf4 exf4 22.Re2  1/2-1/2

[Event "Cannes op"]
[Site "Cannes"]
[Date "1994.??.??"]
[Round "2"]
[White "Touzane, Olivier"]
[Black "Sellos, Didier"]
[Result "1-0"]
[WhiteElo "2330"]
[BlackElo "2420"]

1.d4 Nf6 2.c4 d6 3.Nc3 Nbd7 4.e4 e5 5.Nf3 g6 6.Be2 Bg7 7.O-O O-O 8.Be3 Re8
9.d5 Ng4 10.Bg5 f6 11.Bh4 Nh6 12.Nd2 Kh8 13.b4 Rg8 14.c5 dxc5 15.bxc5 Nxc5
16.f3 Nf7 17.Bf2 Bf8 18.Rc1 b6 19.Nb3 Nxb3 20.Qxb3 Nd6 21.Nb5 Nxb5 22.Bxb5 Bd6
23.a4 Rb8 24.Qd3 Qe7 25.Rc2 f5 26.Ra1 f4 27.g4 fxg3 28.hxg3 g5 29.Kg2 g4
30.f4 a6 31.Bc4 exf4 32.Bd4+ Be5 33.gxf4 Bxd4 34.Qxd4+ Rg7 35.f5 Qf8 36.Bd3 Kg8
37.f6 Rf7 38.e5 Bb7 39.e6 Rxf6 40.Bxh7+ Kh8 41.Rh1 Qg7 42.Rxc7 Qg5 43.Rh5 Bxd5+
44.Be4+  1-0

[Event "Capablanca mem-A"]
[Site "?"]
[Date "1994.??.??"]
[Round "5"]
[White "Nogueiras, Jesus"]
[Black "Zapata, Alonso"]
[Result "0-1"]
[WhiteElo "2550"]
[BlackElo "2565"]

1.Nf3 Nf6 2.c4 g6 3.d4 Bg7 4.Nc3 O-O 5.e4 d6 6.Be2 e5 7.d5 a5 8.Bg5 h6 9.Bh4 Na6
10.O-O Qe8 11.Nd2 Nh7 12.Kh1 h5 13.f3 Bh6 14.a3 a4 15.Nb5 Bd7 16.Nb1 Bxb5
17.cxb5 Nc5 18.Bc4 Be3 19.Nc3 f5 20.exf5 gxf5 21.Qc2 Qg6 22.Rae1 Qh6 23.b6 Bd2
24.bxc7 Bxe1 25.Bxe1 Qg7 26.Nb5 Qd7 27.Bb4 b6 28.g4 Nf6 29.Qxf5 Qxf5 30.gxf5 Ne8
31.Rg1+ Kf7 32.f4 e4 33.Bc3 Ke7 34.f6+ Kd7 35.Bf1 Kc8 36.Bh3+ Kb7 37.Rg7 Ka6
38.Nd4 Nxf6 39.c8=Q+ Raxc8 40.Bxc8+ Rxc8 41.Ne6 Nxd5 42.f5 Nxe6 43.fxe6 Re8
44.Rg6 Nf4 45.Rf6 Nxe6 46.Rf5 e3 47.Rd5 e2 48.Rxd6 Ng5  0-1

[Event "Capablanca mem-A"]
[Site "?"]
[Date "1994.??.??"]
[Round "7"]
[White "Lima, Darcy"]
[Black "Becerra Rivero, Julio"]
[Result "0-1"]
[WhiteElo "2500"]
[BlackElo "2480"]

1.d4 Nf6 2.c4 g6 3.Nc3 Bg7 4.e4 d6 5.Be2 O-O 6.Be3 e5 7.Nf3 Ng4 8.Bg5 f6
9.Bc1 Nc6 10.O-O exd4 11.Nxd4 Nxd4 12.Qxd4 f5 13.Qd5+ Kh8 14.Bxg4 fxg4 15.Be3 c6
16.Qd3 Be6 17.Rad1 Be5 18.b3 Qh4 19.g3 Qe7 20.Ne2 Kg8 21.Rd2 a6 22.Rfd1 b5
23.Nd4 Bd7 24.b4 Qf7 25.c5 dxc5 26.bxc5 Ra7 27.Qc2 Rc7 28.Rd3 Re8 29.Qd2 Bc8
30.a3 h5 31.Ne2 Rce7 32.Bg5 Re6 33.Be3 a5 34.Bd4 Bxd4 35.Rxd4 Rxe4 36.Nf4 Rxd4
37.Qxd4 Bf5 38.Qc3 g5 39.Ng2 Be4 40.Qe3 Bxg2 41.Qxg5+ Kh7  0-1

[Event "Capablanca mem-B"]
[Site "?"]
[Date "1994.??.??"]
[Round "13"]
[White "Gonzalez Garcia, Jose"]
[Black "Diaz, Joaquin C"]
[Result "1/2-1/2"]
[WhiteElo "2420"]
[BlackElo "2435"]

1.d4 Nf6 2.c4 g6 3.Nc3 Bg7 4.e4 d6 5.Be2 O-O 6.Nf3 Nbd7 7.O-O e5 8.Re1 exd4
9.Nxd4 Re8 10.Bf1 Ne5 11.f3 Nfd7  1/2-1/2

[Event "Cappelle op"]
[Site "Cappelle la Grande"]
[Date "1994.??.??"]
[Round "1"]
[White "Averkin, Orest N"]
[Black "Zygouris, Hristos"]
[Result "1-0"]
[WhiteElo "2465"]
[BlackElo "2245"]

1.d4 Nf6 2.Nf3 g6 3.c4 Bg7 4.Nc3 O-O 5.e4 d6 6.Be2 e5 7.O-O exd4 8.Nxd4 Re8
9.f3 Nh5 10.g4 Nf6 11.Kh1 h5 12.g5 Nh7 13.Rg1 Nc6 14.Nc2 Bh3 15.Be3 Ne5 16.Qd2 f6
17.f4 Ng4 18.Rg3 Nxe3 19.Nxe3 fxg5 20.Rxh3 gxf4 21.Bxh5 Nf6 22.Bxg6 fxe3
23.Qg2 Re5 24.Rg1 Qe7 25.Rg3 Rf8 26.Nd5 Nxd5 27.cxd5  1-0

[Event "Cappelle op"]
[Site "Cappelle la Grande"]
[Date "1994.??.??"]
[Round "1"]
[White "Sakaev, Konstantin"]
[Black "Mohandesi, Shahin"]
[Result "1-0"]
[WhiteElo "2555"]
[BlackElo "2305"]

1.d4 Nf6 2.c4 g6 3.Nc3 Bg7 4.e4 d6 5.Nf3 O-O 6.Be2 e5 7.Be3 c6 8.d5 Ng4 9.Bg5 f6
10.Bh4 h5 11.Nd2 Nh6 12.f3 Na6 13.a3 c5 14.O-O Nf7 15.Bd3 Bh6 16.Qe2 Bd7
17.Rab1 b6 18.b4 Kh8 19.Kh1 Rg8 20.Bc2 Bg5 21.Bxg5 fxg5 22.Ba4 Bxa4 23.Nxa4 Qd7
24.Nc3 Rgc8 25.g3 Kg7 26.Qd3 Rf8 27.Ne2 Qe7 28.f4 gxf4 29.gxf4 cxb4 30.axb4 Nh6
31.Qc3 Kh7 32.Ra1 Nxb4 33.Qxb4 exf4 34.Nd4 g5 35.Ne6 Rf7 36.e5 dxe5 37.Qxe7 Rxe7
38.Nxg5+ Kg6 39.Nge4 Nf5 40.Rg1+ Kh6 41.Rg5 Rf8 42.Rag1 Rg7 43.Rxg7 Nxg7
44.Nf3 Re8 45.d6 Ne6 46.Nxe5 Nd8 47.Rg6+  1-0

[Event "Cappelle op"]
[Site "Cappelle la Grande"]
[Date "1994.??.??"]
[Round "1"]
[White "Detter, Peter"]
[Black "Roeder, Mathias"]
[Result "1/2-1/2"]
[WhiteElo "2205"]
[BlackElo "2435"]

1.Nf3 d6 2.c4 g6 3.d4 Bg7 4.e4 Nf6 5.Nc3 O-O 6.Be2 e5 7.dxe5 dxe5 8.Qxd8 Rxd8
9.Bg5 c6 10.Nxe5 Re8 11.O-O-O Na6 12.Rd6 Be6 13.f4 Nc5 14.Bf3 h6 15.Bh4 g5
16.Bf2 g4 17.Bxc5 gxf3 18.Nxf3 Bf8 19.Rxe6 Rxe6 20.Bxf8 Rxf8 21.e5 Ng4 22.Re1 Rd8
23.Kc2 h5 24.Ne4  1/2-1/2

[Event "Cappelle op"]
[Site "Cappelle la Grande"]
[Date "1994.??.??"]
[Round "4"]
[White "Shipov, Sergei"]
[Black "Brustman, Agnieszka"]
[Result "1-0"]
[WhiteElo "2525"]
[BlackElo "2345"]

1.d4 Nf6 2.c4 g6 3.Nc3 Bg7 4.e4 d6 5.Be2 O-O 6.Nf3 e5 7.Be3 c6 8.d5 Na6 9.Nd2 Ne8
10.Rb1 f5 11.f3 f4 12.Bf2 Bf6 13.dxc6 bxc6 14.b4 Nac7 15.Nb3 Ne6 16.O-O Bh4
17.c5 Bxf2+ 18.Rxf2 dxc5 19.Qxd8 Nxd8 20.Nxc5 Nd6 21.Rd1 N8b7 22.Nxb7 Nxb7
23.Bc4+ Kg7 24.Rfd2 a5 25.b5 cxb5 26.Nxb5 Rb8 27.Na7 Kf6 28.Rb2 Ra8 29.Nc6 Re8
30.h4 Be6 31.Bxe6 Rxe6 32.Nxe5 Kxe5 33.Rxb7 h5 34.Rd5+ Kf6 35.a4 Rc6 36.Rbb5 Rc1+
37.Kh2 Rac8 38.Rb6+ Kg7 39.Rd7+ Kh6 40.Rbb7 Rh8 41.Ra7 Rc5 42.Rf7 Rc2 43.Rxa5 Rh7
44.Rxf4  1-0

[Event "Cappelle op"]
[Site "Cappelle la Grande"]
[Date "1994.??.??"]
[Round "6"]
[White "Vaisser, Anatoli"]
[Black "Gurevich, Vladimir"]
[Result "1/2-1/2"]
[WhiteElo "2575"]
[BlackElo "2420"]

1.d4 Nf6 2.c4 d6 3.Nc3 Nbd7 4.Nf3 g6 5.e4 e5 6.Be2 Bg7 7.O-O O-O 8.Re1 Re8
9.d5 Nc5 10.Bf1 a5 11.g3 Rf8 12.Bg5 Bd7 13.Qd2 Qc8 14.Nh4 Ng4 15.Qe2 f6 16.Bd2 f5
17.f3 Nf6 18.exf5 gxf5 19.Bh3 Kh8 20.Be3 b6 21.Rf1 Ng8 22.Qc2 Ne7 23.Bg5  1/2-1/2

[Event "Cappelle op"]
[Site "Cappelle la Grande"]
[Date "1994.??.??"]
[Round "7"]
[White "Shipov, Sergei"]
[Black "Werner, Dimo"]
[Result "1-0"]
[WhiteElo "2525"]
[BlackElo "2375"]

1.d4 Nf6 2.c4 g6 3.Nc3 Bg7 4.e4 O-O 5.Nf3 d6 6.Be2 e5 7.Be3 h6 8.O-O Nc6
9.d5 Ne7 10.Nd2 h5 11.f3 Nd7 12.b4 f5 13.c5 Nf6 14.Nc4 fxe4 15.fxe4 Bg4 16.h3 Bxe2
17.Qxe2 Kh7 18.Rac1 Neg8 19.a4 Qe7 20.Na5 b6 21.Nc6 Qd7 22.cxd6 cxd6 23.Qd3 Bh6
24.Nb5 Rf7 25.Bxh6 Kxh6 26.Rc2 Kg7 27.Qe3 a6 28.Na3 Raf8 29.Rcf2 Ne7 30.b5 axb5
31.axb5 Nc8 32.Nc4 Qc7 33.Rf3 Nd7 34.Rxf7+ Rxf7 35.Rxf7+ Kxf7 36.Qh6 Nf6
37.Qh8  1-0

[Event "Cappelle op"]
[Site "Cappelle la Grande"]
[Date "1994.??.??"]
[Round "7"]
[White "Blizniuk, O."]
[Black "Garabedian, Vahakn"]
[Result "1-0"]
[WhiteElo "2045"]
[BlackElo "2175"]

1.d4 Nf6 2.Nf3 g6 3.c4 Bg7 4.Nc3 O-O 5.e4 d6 6.Be2 e5 7.d5 Ne8 8.Bg5 f6 9.Bh4 Bh6
10.Nd2 c5 11.O-O Qd7 12.Rb1 f5 13.f3 Be3+ 14.Kh1 g5 15.Be1 f4 16.Qc2 h5 17.Nd1 Bd4
18.Nb3 Qh7 19.Nxd4 exd4 20.b4 b6 21.bxc5 bxc5 22.Nf2 Nd7 23.Nd3 Qe7 24.Ba5 Rf7
25.Qa4 Ne5 26.Nxe5 dxe5 27.Qa3 g4 28.Rfc1 g3 29.h3 Rg7 30.Bf1 Bd7 31.Rb7 Nd6
32.Rc7 Rc8 33.Qxc5 Rxc7 34.Qxc7 Nf7 35.c5 Kh7 36.c6 Qa3 37.cxd7 Qxa2 38.d8=Q  1-0

[Event "Cappelle op"]
[Site "Cappelle la Grande"]
[Date "1994.??.??"]
[Round "7"]
[White "Naumkin, Igor"]
[Black "Hebden, Mark"]
[Result "1/2-1/2"]
[WhiteElo "2455"]
[BlackElo "2530"]

1.d4 Nf6 2.c4 g6 3.Nc3 Bg7 4.e4 d6 5.Nf3 O-O 6.Be2 e5 7.d5 Na6 8.O-O Nc5
9.Qc2 a5 10.Bg5 h6 11.Be3 Nh5 12.g3 b6 13.b3 Nf6 14.Nh4 Bd7 15.a3 a4 16.b4 Nb3
17.Rad1 c5 18.dxc6 Bxc6 19.f3 Qc7 20.Ng2 Rfc8 21.Qd3 Nd4 22.Bxd4 exd4 23.Nb1 Nd7
24.f4 Re8 25.Nd2 Re7 26.Rfe1 Rae8 27.Bf3 Bb7 28.Re2 Ba6 29.Ree1 Qb8 30.Qb1 h5
31.h3 Nf6 32.g4 hxg4 33.hxg4 Qc8 34.g5 Ng4 35.b5 Bb7 36.Qd3 Ne3 37.Nxe3 dxe3
38.Qxe3 Qc5 39.Kg2 Bd4 40.Qd3 f5 41.gxf6 Bxf6 42.Nf1 Re6 43.Nh2 Bb2 44.Re3 Rf8
45.e5 Bxf3+ 46.Nxf3 Rxf4 47.Ng5 Rg4+ 48.Rg3 Rxg3+ 49.Qxg3 Qxe5 50.Nxe6 Qe2+
51.Qf2 Qg4+ 52.Qg3  1/2-1/2

[Event "Cappelle op"]
[Site "Cappelle la Grande"]
[Date "1994.??.??"]
[Round "7"]
[White "Detter, Peter"]
[Black "Skripchenko, Almira"]
[Result "1/2-1/2"]
[WhiteElo "2205"]
[BlackElo "2235"]

1.Nf3 Nf6 2.c4 g6 3.Nc3 Bg7 4.e4 d6 5.d4 O-O 6.Be2 e5 7.dxe5 dxe5 8.Qxd8 Rxd8
9.Bg5 Nbd7 10.O-O-O Rf8 11.Nd2 c6 12.Be3 Re8 13.Nb3 Nf8 14.f3 N6d7 15.Kb1 Ne6
16.g3 Bf8 17.Rd2 Ndc5 18.Nxc5 Bxc5 19.Bxc5 Nxc5 20.Rhd1 Ne6 21.Bf1 Nd4 22.Bg2 Be6
23.b3 f6 24.Ne2 c5 25.Nxd4 exd4 26.f4 Rad8 27.Kc2 Re7 28.Kd3 Bd7 29.Re1 Rde8
30.Rde2 Bc6 31.h4 Kg7 32.Bh3 b5 33.e5 a5 34.exf6+ Kxf6 35.Rxe7 Rxe7 36.Rxe7 Kxe7
37.cxb5 Bxb5+ 38.Ke4 Kd6 39.a3 Bc6+ 40.Kd3 Bd5 41.b4 axb4 42.axb4 cxb4 43.Kxd4 Be6
44.g4 b3 45.Kc3 Kc5 46.f5 gxf5 47.gxf5 Bf7 48.f6 Kd6 49.Bf5 h5 50.Kd4 b2
51.Kc3 Ke5 52.Bd3 Kxf6 53.Kxb2 Be6 54.Kc3 Bf5 55.Be2  1/2-1/2

[Event "Cappelle op"]
[Site "Cappelle la Grande"]
[Date "1994.??.??"]
[Round "7"]
[White "Averkin, Orest N"]
[Black "Rasik, Vitezslav"]
[Result "1-0"]
[WhiteElo "2465"]
[BlackElo "2425"]

1.d4 Nf6 2.Nf3 g6 3.c4 Bg7 4.Nc3 d6 5.e4 O-O 6.Be2 e5 7.O-O exd4 8.Nxd4 Re8
9.f3 c6 10.Kh1 Na6 11.Bg5 Qa5 12.Bh4 Nh5 13.Qd2 Qe5 14.Rfd1 Bf6 15.Bxf6 Qxf6
16.Bf1 Bd7 17.Nc2 Be6 18.Qf2 Qe5 19.Rd4 f5 20.Rad1 fxe4 21.Rxe4 Qc5 22.Qd2 Bf5
23.Rd4 Rad8 24.Ne3 Ng7 25.g4 Qe5 26.Ng2 Bc8 27.Rxd6 Rxd6 28.Qxd6 Qxd6 29.Rxd6 Nc5
30.Kg1 Rf8 31.Be2 a5 32.h3 Nge6 33.Kf2 Ng5 34.Kg3 Re8 35.h4 Nf7 36.Rd4 Kg7
37.Nf4 Re7 38.Kf2 Ne5 39.Kg1 Nf7 40.Bd1 Re3 41.Kf2 Re8 42.Bc2 b6 43.b3 Nd7
44.Ne4 Nde5 45.c5 b5 46.Nd6 Rd8 47.Nxc8 Rxc8 48.Ne6+ Kf6 49.Ng5 Nxg5 50.hxg5+ Ke6
51.f4 Nf7 52.a3 Rd8 53.Ke3 Ke7 54.b4 axb4 55.Rxd8 Nxd8 56.axb4 Ne6 57.Bb3 Nc7
58.Kd4 Na6 59.Kc3 Nc7 60.f5 gxf5 61.gxf5  1-0

[Event "Cappelle op"]
[Site "Cappelle la Grande"]
[Date "1994.??.??"]
[Round "8"]
[White "Ulibin, Mikhail"]
[Black "Kveinys, Aloyzas"]
[Result "1-0"]
[WhiteElo "2515"]
[BlackElo "2520"]

1.d4 Nf6 2.c4 g6 3.Nc3 Bg7 4.e4 d6 5.Be2 O-O 6.Nf3 Nbd7 7.O-O e5 8.Be3 h6
9.dxe5 dxe5 10.Nd2 Nh7 11.Nb3 Ng5 12.Qd2 Kh7 13.Rad1 Ne6 14.Bg4 Nb6 15.Qxd8 Rxd8
16.Rxd8 Nxd8 17.Bxc8 Rxc8 18.Na5 Bf8 19.c5 Nd7 20.Nxb7 Nc6 21.Rd1 Nf6 22.b4 Nxb4
23.Nd5 Nbxd5 24.exd5 Rb8 25.c6 Ne4 26.Rd3 Nc5 27.Ra3 Ne4 28.Rb3 a6 29.f3 Nd6
30.Ba7 Re8 31.Kf1 e4 32.Bc5 exf3 33.Rxf3 Nf5 34.Bxf8 Rxf8 35.Nc5 Ne7 36.Ne6 fxe6
37.Rxf8 Nf5 38.Re8 Kg7 39.Rxe6 Kf7 40.Re4 Ne7 41.Ra4  1-0

[Event "Cappelle op"]
[Site "Cappelle la Grande"]
[Date "1994.??.??"]
[Round "9"]
[White "Shipov, Sergei"]
[Black "Tseitlin, Mikhail S"]
[Result "1/2-1/2"]
[WhiteElo "2525"]
[BlackElo "2440"]

1.d4 Nf6 2.c4 g6 3.Nc3 Bg7 4.e4 d6 5.Be2 O-O 6.Nf3 c6 7.O-O e5 8.d5 Na6 9.Be3 Ng4
10.Bg5 f6 11.Bh4 Nh6 12.Nd2 c5 13.a3 Qd7 14.Qa4 Qe7 15.Rab1 Nf7 16.b4 Bh6
17.Nb3 Bd7 18.Qa5 Rfc8 19.Na4 Nc7 20.b5 b6 21.Qe1 Bg5 22.Bxg5 Nxg5 23.Nc3 Rf8
24.Qd2 Ne8 25.a4 Ng7 26.a5 f5 27.exf5 Nxf5 28.Bd3 Nh4 29.Qe3 Ngf3+ 30.Kh1 Nxg2
31.Kxg2 Qh4 32.Qxf3 Rxf3 33.Kxf3 Rf8+ 34.Ke2 Bg4+ 35.Kd2 Bh3 36.Ne4 Rf3 37.Rfe1 Bf5
38.Kc2 Bxe4 39.Rxe4 Rxf2+ 40.Kc3 Qxh2 41.Rbe1 Kg7 42.R1e2 h5 43.Rxf2 Qxf2
44.Nd2 g5  1/2-1/2

[Event "Cappelle op"]
[Site "Cappelle la Grande"]
[Date "1994.??.??"]
[Round "9"]
[White "Chuchelov, Vladimir"]
[Black "Hebden, Mark"]
[Result "0-1"]
[WhiteElo "2495"]
[BlackElo "2530"]

1.d4 Nf6 2.Nf3 g6 3.c4 Bg7 4.Nc3 O-O 5.e4 d6 6.Be2 e5 7.dxe5 dxe5 8.Qxd8 Rxd8
9.Bg5 Re8 10.Nd5 Nxd5 11.cxd5 c6 12.Bc4 cxd5 13.Bxd5 Nd7 14.Nd2 Nc5 15.O-O Be6
16.Bxe6 Rxe6 17.Rfc1 b6 18.Be3 Nd3 19.Rc2 f5 20.Nf3 Rd6 21.Rd1 Rad8 22.Rcd2 Bf8
23.b3 h6 24.h4 fxe4 25.Nh2 h5 26.Nf1 Nb4 27.a4 Nc2 28.Bg5 Rxd2 29.Rxd2 Rxd2
30.Nxd2 Kf7 31.Nxe4 Nd4 32.Nd2 Ke6 33.Be3 Bb4 34.Bxd4 exd4 35.Nc4 Kd5 36.Kf1 d3
37.Nb2 Kd4 38.Nd1 Be7 39.g3 Ke4 40.Kg2 d2 41.f3+ Kd3 42.Kf2 Bc5+ 43.Kf1 a5
44.g4 Be3 45.g5 Bf4 46.Kf2 Bd6  0-1

[Event "Casablanca"]
[Site "Casablanca"]
[Date "1994.??.??"]
[Round "2"]
[White "Mellado Trivino, Juan"]
[Black "Kaabi, Mejdi"]
[Result "1/2-1/2"]
[WhiteElo "2395"]
[BlackElo "2340"]

1.c4 Nf6 2.Nc3 g6 3.d4 Bg7 4.e4 d6 5.Nf3 O-O 6.Be2 e5 7.dxe5 dxe5 8.Qxd8 Rxd8
9.Bg5 Re8 10.Nd5 Nxd5 11.cxd5 c6 12.Bc4 cxd5 13.Bxd5 Na6 14.O-O-O Nc7 15.Bb3 a5
16.Kb1 a4 17.Bc2 Be6 18.Be3 h6 19.Rc1 Rec8 20.Bd3 a3 21.b3 Na6 22.Rxc8+ Rxc8
23.Rc1 Rd8 24.Bc4 Bxc4 25.bxc4 Rd3 26.Ne1 Rd7 27.Kc2 Rc7 28.Kb3 Bf8 29.Nd3 f6
30.c5 Kf7 31.Ka4 Ke6 32.Rc3 Rc6 33.Kb5 f5 34.f3 fxe4 35.fxe4 Nc7+ 36.Kc4 Ne8
37.Rxa3 Nd6+ 38.Kb4 Nxe4 39.Ra8 Be7 40.Rb8 Rb6+ 41.Kc4 Ra6 42.Kb3 Ra5 43.Rxb7  1/2-1/2